000 00548nam a2200193Ii 4500
003 JO-AjNU
008 230606s9999||||xx |||||||||||||| ||und||
020 _a81-8030-028-5
040 _aJO-AjNU
_beng
_erda
_cJO-AjNU
041 _aeng
050 1 4 _aP99 2012
100 3 _aSrivastava.A.N ,
_eauthor
_95877
245 0 2 _aA text Book on Groups (with solved problem sets)
264 3 1 _aNew Delhi :Campus Books,2012
300 _a261p
336 _atext
_btxt
_2rdacontent
337 _aunmediated
_bn
_2rdamedia
338 _avolume
_bnc
_2rdacarrier
999 _aE3049
_c3046
_d3046